| 000 | 00934cam a22002775i 4500 | ||
|---|---|---|---|
| 999 |
_c1469 _d1469 |
||
| 003 | EG-ScBUE | ||
| 005 | 20200119100735.0 | ||
| 008 | 200119t20052005nyu f b 000 0 eng d | ||
| 020 | _a0321131444 (pbk.) | ||
| 020 | _a9780321131447 (pbk.) | ||
| 040 |
_aEG-ScBUE _beng _erda _cEG-ScBUE _dEG-ScBUE |
||
| 082 | 0 | 4 |
_a808.819145 _bEUR _222 |
| 245 | 0 | 0 |
_aEuropean romantic poetry / _c[compiled by] Michael Ferber, University of New Hampshire. |
| 264 | 1 |
_aNew York : _bPearson Education, _c[2005] |
|
| 264 | 4 | _cc2005 | |
| 300 |
_axlvii, 496 pages ; _c18 cm |
||
| 336 |
_atext _btxt _2rdacontent |
||
| 337 |
_aunmediated _bn _2rdamedia |
||
| 338 |
_avolume _bnc _2rdacarrier |
||
| 650 | 0 |
_aEuropean poetry _y19th century. _2BUEsh |
|
| 650 | 0 |
_aRomanticism _zEurope. _2BUEsh |
|
| 651 | _2BUEsh | ||
| 700 | 1 |
_aFerber, Michael, _ecompiler. |
|
| 856 | 4 | 1 |
_3Table of contents _uhttp://www.loc.gov/catdir/toc/ecip056/2005001041.html |
| 942 |
_cBB _2ddc |
||